Welcome to CU Library Online Public Access Catalogue (OPAC)

Documentation for physician assistants / (Record no. 2673)

MARC details
000 -LEADER
fixed length control field 00621cam a2200205 a 4500
001 - CONTROL NUMBER
control field 14529684
005 - DATE AND TIME OF LATEST TRANSACTION
control field 20250118143925.0
008 - FIXED-LENGTH DATA ELEMENTS--GENERAL INFORMATION
fixed length control field 060831s2004 pau b 001 0 eng
020 ## - INTERNATIONAL STANDARD BOOK NUMBER
International Standard Book Number 9780803611412
050 00 - LIBRARY OF CONGRESS CALL NUMBER
Classification number R697.P45
Item number S85 2004
100 1# - MAIN ENTRY--PERSONAL NAME
Personal name Sullivan, Debra D.
245 10 - TITLE STATEMENT
Title Documentation for physician assistants /
Statement of responsibility, etc. Debra D. Sullivan, Lynnette J. Mattingly.
260 ## - PUBLICATION, DISTRIBUTION, ETC.
Place of publication, distribution, etc. Philadelphia :
Name of publisher, distributor, etc. F.A. Davis,
Date of publication, distribution, etc. c2004.
300 ## - PHYSICAL DESCRIPTION
Extent xiii, 192 p. ;
Dimensions 28 cm.
650 #0 - SUBJECT ADDED ENTRY--TOPICAL TERM
Topical term or geographic name entry element Physicians' assistants.
650 #0 - SUBJECT ADDED ENTRY--TOPICAL TERM
Topical term or geographic name entry element Medical records.
650 #0 - SUBJECT ADDED ENTRY--TOPICAL TERM
Topical term or geographic name entry element Medical protocols.
700 1# - ADDED ENTRY--PERSONAL NAME
Personal name Mattingly, Lynnette J.
942 ## - ADDED ENTRY ELEMENTS (KOHA)
Source of classification or shelving scheme Library of Congress Classification
Koha item type Books
Suppress in OPAC No
999 ## -
-- 2673
-- 2673
Holdings
Withdrawn status Lost status Source of classification or shelving scheme Damaged status Not for loan Collection Home library Current library Shelving location Date acquired Total checkouts Full call number Barcode Date last seen Copy number Price effective from Koha item type
    Library of Congress Classification     Non-fiction Science Library (Miotso) Science Library (Miotso) General stacks 01/18/2025   R697 .P45 SUL SLM00002020 01/18/2025 1 01/18/2025 Books
© 2023-2024 Copyright: Central University Libraries. All Rights Reserved | Created by: Mahone Tech Office